Najszczęśliwsze państwa świata - Statystyki

Ogólne statystyki
  • Ten quiz został rozwiązany 69 razy
  • Średni wynik to 10 z 15
Statystyki odpowiedzi
Miejsce Odpowiedź % Poprawnych
1 Finlandia
92%
8 Norwegia
89%
7 Szwecja
87%
2 Dania
82%
4 Szwajcaria
82%
14 Niemcy
80%
15 Kanada
79%
3 Islandia
74%
5 Holandia
62%
12 Australia
59%
11 Austria
57%
6 Luksemburg
57%
13 Irlandia
56%
10 Nowa Zelandia
46%
9 Izrael
15%
Nie znaleziono quizów pasujących do podanych kryteriów
Rozkład punktacji
Procent ludzi z każdym wynikiem
Percentyl według liczby udzielonych odpowiedzi
Twoja historia wyników
Nie rozwiązałeś tego quizu